| 000 | 00350nam a22001217a 4500 | ||
|---|---|---|---|
| 082 |
_a551.02462 _bBRO |
||
| 100 |
_aBrownlow, Arthur H _950766 |
||
| 245 | _aLaboratory manual geology for engineers | ||
| 260 |
_aLowa, _bWM C brown company publishers, _c1965. |
||
| 300 |
_a143p. _c26cm. |
||
| 526 |
_a0 _b1 _c0 _d551_024620000000000_BRO |
||
| 942 |
_2ddc _cBK |
||
| 999 |
_c553524 _d553524 |
||